Circular Economy As a Way of Sustainable Production and Consumption
Obehové hospodárstvo ako spôsob udržateľnej výroby a spotreby. Základné znaky kruhovej a lineárnej ekonomiky a ich rozdiely. Cieľ obehové hospodárstva. Príklady z praxe podnikateľských subjektov a samospráv, ktorých činnosť je v súlade s princípmi obehového hospodárstva.
Salvato in:
| Autore principale: | |
|---|---|
| Natura: | Capitolo di libro |
| Lingua: | inglese |
| Soggetti: | |
| Tags: |
Nessun Tag, puoi essere il primo ad aggiungerne!!
|
MARC
| LEADER | 00000naa$a2200000$$$4500 | ||
|---|---|---|---|
| 001 | 0270221 | ||
| 005 | 20240530065415.1 | ||
| 041 | 0 | |a eng | |
| 044 | |a FR | ||
| 245 | 1 | 0 | |a Circular Economy As a Way of Sustainable Production and Consumption |c Brigita Boorová |
| 520 | |a Obehové hospodárstvo ako spôsob udržateľnej výroby a spotreby. Základné znaky kruhovej a lineárnej ekonomiky a ich rozdiely. Cieľ obehové hospodárstva. Príklady z praxe podnikateľských subjektov a samospráv, ktorých činnosť je v súlade s princípmi obehového hospodárstva. | ||
| 610 | 2 | 0 | |a hospodárstvo obehové |
| 610 | 2 | 0 | |a spotreba |
| 610 | 2 | 0 | |a výroba |
| 610 | 2 | 0 | |a Slovensko |
| 100 | 1 | |a Boorová, Brigita, 1979- | |